|
|
|
|
| LEADER |
00000naa2a2200000 4500 |
| 001 |
168050 |
| 005 |
20240208161759.0 |
| 035 |
|
|
|a (RuTPU)RU\TPU\book\182329
|
| 090 |
|
|
|a 168050
|
| 100 |
|
|
|a 20091023d2008 k y0rusy50 ca
|
| 101 |
0 |
|
|a rus
|
| 102 |
|
|
|a RU
|
| 200 |
1 |
|
|a Расчёт величины коэффициента массопередачи процесса адсорбции в зависимости от пористости адсорбента методом математического моделирования
|f М. М. Попова, Н. И. Погадаева
|g науч. рук. Н. И. Погадаева
|
| 320 |
|
|
|a Библиогр.: 2 назв.
|
| 463 |
|
0 |
|0 (RuTPU)RU\TPU\book\176288
|t Химия и химическая технология в XXI веке
|o IX Всероссийская научно-практическая конференция студентов и аспирантов, Томск, 14-16 мая 2008 г.
|o сборник материалов
|f Томский политехнический университет (ТПУ) ; Химия и химическая технология в XXI веке
|v С. 227-228
|d 2008
|p 338 с.
|
| 610 |
1 |
|
|a коэффициент массопередачи
|
| 610 |
1 |
|
|a адсорбция
|
| 610 |
1 |
|
|a адсорбенты
|
| 610 |
1 |
|
|a пористость
|
| 610 |
1 |
|
|a математическое моделирование
|
| 610 |
1 |
|
|a вода
|
| 610 |
1 |
|
|a очистка
|
| 610 |
1 |
|
|a труды учёных ТПУ
|
| 700 |
|
1 |
|a Попова
|b М. М.
|
| 701 |
|
1 |
|a Погадаева
|b Н. И.
|c российский ученый, специалист в области адсорбционной очистки водных сред
|c ассистент Томского политехнического университета
|f 1983-
|g Надежда Игоревна
|3 (RuTPU)RU\TPU\pers\27920
|9 12923
|
| 702 |
|
1 |
|a Погадаева
|b Н. И.
|4 727
|
| 801 |
|
1 |
|a RU
|b 63413507
|c 20091023
|
| 801 |
|
2 |
|a RU
|b 63413507
|c 20161115
|g RCR
|
| 942 |
|
|
|c BK
|